000 00903nam a2200277Ia 4500
005 20220316235406.0
008 121119s1997 sp a gr 000 h spa
020 _a8475100279
041 0 _aspa
100 1 _aGoscinny, Rene,
_d1926-
245 1 0 _aAsterix el galo
_cguión de Goscinny ; ilustraciones de Uderzo
250 _aPrimera edición
264 1 _aBarcelona
_bGrajalbo
_c1997
300 _a48 páginas
_bilustraciones
_c29 cm.
336 _atexto
_btxt
_2rdacontent
337 _asin mediación
_bn
_2rdamedia
338 _avolumen
_bnc
_2rdacarrier
490 0 _aUna aventura de Asterix
650 1 4 _2LEMB
_aHumorismo gráfico
650 1 4 _2LEMB
_aHistorias de aventuras
_vTiras cómicas, historietas, etc.
650 1 4 _2LEMB
_aTiras cómicas francesas
700 1 _aUderzo, Albert
_eilustrador
_9118359
942 _2loc
_cBKLIT
040 _aCO-BoRNBP
_bspa
_erda
_cCO-BoRNBP
084 _aH GOS1
999 _c814
_d814